000 00580nam a2200229Ia 4500
003 OSt
005 20221006160625.0
006 a|||||r|||| 00| 0
007 ta
008 221006b |||||||| |||| 00| 0 kor d
024 _a45,780
037 _bGift, KCC (Window on Korea)
_cAudio
040 _aEASL
_cEASL
_bkor
041 _2kor
_akor
082 _aCD00193-200
245 0 _aKorean History
300 _ap.
_ccm.
490 _v V.5 KCD
650 _aCD
_9674497
942 _hCD00193-200
_cAUD
_2CC
999 _c1113872
_d1113872